000 00503nam a2200193Ia 4500
003 OSt
005 20230508123029.0
008 210210b1993 xxu||||| |||| 00| 0 eng d
040 _cAL
041 _aKonkani
082 _a491.463 BANK
100 _aBANGI (Pandurang).
_999892
245 _aKonkani shabdasagar. (konkani - konkani kosh). Part - 1.
260 _aGoa.
_bGoa Konkani Akademi.,
_c1993
300 _aviii,261
690 _aKonkani Dictionary
_999893
906 _a050564
942 _2ddc
_cBK
999 _c99159
_d99159